000 nam a22 a 4500
999 _c433865
_d433865
003 BLK
005 20211014162908.0
008 180410b bul|||||r ||||||| ||bul||
010 _aKNG00173404000
040 _aBLK
041 _aBUL
_cBUL
080 _aСоциалистическа демокрация. Диктатура на пролетариата. Съветска форма на социалистическа държава. Народна демокрация
_b321.74
_z321.74
080 _b141.8
_z141.8
080 _aСоциология на културата и цивилизацията
_b316.7
_z316.7
100 _aОрловцев, Фома Яковлевич
_eпърви автор
_91299
139 _aОрловцев, Фома Яковлевич
245 1 0 _aСоциализмът и личността
_cФома Яковлевич Орловцев ; прев. от рус. Лазар Младенов.
257 _aSUN
260 _aСофия
_bБКП
_c1957
_9212206
300 _a148 с.
_c21 см
380 _a3
500 _a5 000 тир.
650 7 _aЛичност
_9160674
653 _aсоциализъм
653 _aсоциалистическо общество
653 _aличности
653 _aсвобода на личността
700 _aМладенов, Лазар
_eпрев. от рус.
_9367242
852 _aЦб 5030
_bО
856 4 _qpdf
856 4 _qpdf
942 _cKNG
_n0
_s0
944 _aCR
_c2021-10-14
_kЦТ